The song celestial Shrimad Bhagavad Gita / (Record no. 64102)

MARC details
000 -LEADER
fixed length control field 00612nam a22001697a 4500
005 - DATE AND TIME OF LATEST TRANSACTION
control field 20120317154941.0
020 ## - INTERNATIONAL STANDARD BOOK NUMBER
International Standard Book Number 0856920347
Terms of availability 00.00
035 ## - SYSTEM CONTROL NUMBER
System control number B-27448
037 ## - SOURCE OF ACQUISITION
Stock number DPL
Source of stock number/acquisition ENG
100 ## - MAIN ENTRY--PERSONAL NAME
Personal name Arnold, Sir Edwin
245 ## - TITLE STATEMENT
Title The song celestial Shrimad Bhagavad Gita /
Statement of responsibility, etc by Sir Edwin Arnold
250 ## - EDITION STATEMENT
Edition statement 4th rprn. 1991
260 ## - PUBLICATION, DISTRIBUTION, ETC. (IMPRINT)
Place of publication, distribution, etc New Delhi
Name of publisher, distributor, etc Interprint
Date of publication, distribution, etc 1991
300 ## - PHYSICAL DESCRIPTION
Extent 151p.
Dimensions 26 cms.
942 ## - ADDED ENTRY ELEMENTS (KOHA)
Source of classification or shelving scheme Dewey Decimal Classification
Item type English Books
Classification part 181.45
Call number suffix THE
Holdings
Withdrawn status Lost status Not for loan Collection code Home library Current library Date acquired Cost, normal purchase price Full call number Barcode Cost, replacement price Koha item type
      Non-fiction Sarojini Nagar Sarojini Nagar 17/03/2012 0.00 181.45 THE B-27448 0.00 English Books

© Delhi Public Library
Hit Counter
free hit counter